书目信息 |
| 题名: |
雅思周计划
|
|
| 作者: | 宋蕾 编著 | |
| 分册: | ||
| 出版信息: | 北京 中国人民大学出版社 2016.06 |
|
| 页数: | 251页 | |
| 开本: | 28cm | |
| 丛书名: | ||
| 单 册: | ||
| 中图分类: | H310.41 | |
| 科图分类: | ||
| 主题词: | 英语 | |
| 电子资源: | ||
| ISBN: | 7-300-22644-2 | |
| 000 | 00583nam0 2200217 450 | |
| 001 | 1735857035 | |
| 005 | 20171222095854.04 | |
| 010 | @a7-300-22644-2@dCNY45.00 | |
| 100 | @a20171222d2016 km y0chiy0120 ea | |
| 101 | 0 | @achi |
| 102 | @aCN@b110000 | |
| 200 | 1 | @a雅思周计划@Aya si zhou ji hua@e语法@f宋蕾编著@Fsong lei bian zhu |
| 205 | @a4版 | |
| 210 | @a北京@c中国人民大学出版社@d2016.06 | |
| 215 | @a251页@d28cm | |
| 517 | 1 | @a语法@Ayu fa |
| 606 | 0 | @a英语 |
| 690 | @aH310.41@v4 | |
| 701 | 0 | @a宋蕾@Asong lei@4编著 |
| 801 | 0 | @aCN@bMUSE@c20171222 |
| 905 | @aMUSE@dH310.41@eS7721 | |
| 雅思周计划:语法/宋蕾编著.-4版.-北京:中国人民大学出版社,2016.06 |
| 251页;28cm |
| ISBN 7-300-22644-2:CNY45.00 |
| ● |
| 相关链接 |
|
|
|
正题名:雅思周计划
索取号:H310.41/S7721
 
预约/预借
| 序号 | 登录号 | 条形码 | 馆藏地/架位号 | 状态 | 备注 |
| 1 | 1231462 | 212314627 | 能源与建筑环境工程学院资料室/ [索取号:H310.41/S7721] | 在馆 |